Top 27 des pays les plus émetteur de CO2e - Statistiques

Statistiques générales
  • Ce quiz a été pris 75 fois
  • Le résultat moyen est 21 sur 27
Statistiques - réponses
Position Hint Réponse % Correct
1 12791.58 Chine
100%
27 343.14 France
98%
2 5564.83 Etats-Unis
97%
3 3419.89 Inde
95%
11 713.29 Allemagne
94%
5 1531.51 Brésil
92%
4 1975.57 Russie
92%
24 375.05 Italie
89%
7 1071.59 Japon
88%
15 576.40 Australie
86%
22 419.55 Argentine
85%
9 733.27 Canada
85%
13 638.55 Mexique
85%
6 1484.66 Indonésie
79%
18 488.02 Pakistan
77%
10 730.64 Arabie saoudite
74%
14 632.43 Corée du sud
73%
26 347.67 Pologne
71%
16 517.35 Afrique du sud
70%
8 952.23 Iran
67%
17 513.66 Turquie
65%
19 457.05 Vietnam
65%
12 687.22 République démocratique du congo
62%
20 449.51 Thailande
61%
23 380.78 Nigeria
56%
21 427.90 Royaume unis/Angleterre
50%
25 366.28 Malaisie
39%
Aucun quiz correspondant
Distribution des résultats
% des personnes avec chaque résultat
Percentile par nombre de réponses
Votre historique - résultats
Vous n’avez pas pris ce quiz